000 00668pab a2200217 454500
008 180718b2008 xxu||||| |||| 00| 0 eng d
100 _aRapsomanikis, George
245 _aMarket integration and uncertainty: the impact of domestic and international commodity price variability on rural household income and welfare in Ghana and Peru
260 _c2008
300 _ap.1354-381.
362 _aOct
650 _aIncome - Peru
650 _aIncome - Ghana
650 _aHouseholds - Peru
650 _aHouseholds - Ghana
650 _aHouseholds
700 _aSarris, Alexander
773 _aJournal of Development Studies
908 _aN
909 _a80397
999 _c80397
_d80397